Los ensayos: según la edición de 1595 de Marie de Gournay

সংরক্ষণ করুন:
গ্রন্থ-পঞ্জীর বিবরন
প্রধান লেখক: Montaigne, Michel de (autor)
বিন্যাস: গ্রন্থ
ভাষা:স্প্যানিশ
প্রকাশিত: Barcelona Acantilado 2007
সংস্করন:1a. ed
মালা:El Acantilado, 153
বিষয়গুলি:
ট্যাগগুলো: ট্যাগ যুক্ত করুন
কোনো ট্যাগ নেই, প্রথমজন হিসাবে ট্যাগ করুন!

MARC

LEADER 00000cam a2200000 a 4500
001 UCE0678
003 CL-VaPUC
008 140227e20071100sp |||||||||||||||||spa|d
020 |a 9788496834170 
082 0 4 |a 844  |b MON  |2 21 
100 |a Montaigne, Michel de  |e autor  |9 346836 
245 1 4 |a Los ensayos: según la edición de 1595 de Marie de Gournay 
250 |a 1a. ed 
300 |a 1727 p 
942 |c BK 
945 |d 20140227 11:27:00  |a dcastane 
260 |a Barcelona  |b Acantilado  |c 2007 
650 0 |a Ensayos franceses  |9 265511 
650 0 |a Literatura francesa  |9 266330 
583 |a last modification  |c 20140227 11:27:00  |k Rodrigo Vera 
490 0 |a El Acantilado, 153 
999 |c 354740  |d 354738 
952 |0 0  |1 0  |3 erd  |4 0  |6 844_000000000000000_MON_2007  |7 0  |8 R  |9 460893  |a BIBART  |b BIBART  |i 5057574  |o 844 MON 2007  |p 5057574  |r 2025-03-13  |w 2019-11-23  |y BK_R  |z Catalogado en:20140227  |k ART